Normal view
MARC view
Entry Personal Name
001 - CONTROL NUMBER
- control field: 235145
003 - CONTROL NUMBER IDENTIFIER
- control field: OSt
005 - DATE AND TIME OF LATEST TRANSACTION
- control field: 20250812145818.0
008 - FIXED-LENGTH DATA ELEMENTS
- fixed length control field: 250812|| aca||aabn | a|a d
040 ## - CATALOGING SOURCE
- Original cataloging agency: OSt
- Transcribing agency: OSt
100 ## - HEADING--PERSONAL NAME
- Personal name: Patel Tulsi Ed
670 ## - SOURCE DATA FOUND
- Source citation: Work cat.: (OSt)141685: Baviskar B S 235137, Understanding Indian society, 2010